Learning to lead : a workbook on becoming a leader /
This book is on Becoming a Leader: Leadership for a Successful Future, The Leadership Crisis, Knowing Yourself, Creating and Communicating a Vision, Maintaining Trust through Integrity, and Realizaing Intention through Action.
Uloženo v:
| Hlavní autor: | |
|---|---|
| Další autoři: | |
| Médium: | Kniha |
| Jazyk: | English |
| Vydáno: |
London :
Nicholas Brealey,
1997.
|
| Témata: | |
| Tagy: |
Přidat tag
Žádné tagy, Buďte první, kdo otaguje tento záznam!
|
| Thư viện lưu trữ: | Mạng thư viện Đại học Đà Nẵng |
|---|
| LEADER | 01139cam a2200361 i 4500 | ||
|---|---|---|---|
| 001 | 000047863 | ||
| 003 | 7557 | ||
| 005 | 20030225115634.0 | ||
| 008 | 010321|1997 vm 000 eng | ||
| 020 | |a 1857881974 | ||
| 040 | |a IRC |c IRC |d IRC | ||
| 041 | 0 | |a eng | |
| 082 | 1 | 4 | |a 658.4092 |b BE-W |
| 100 | 1 | |a Bennis, Warren G. | |
| 245 | 0 | 0 | |a Learning to lead : |b a workbook on becoming a leader / |c Warren Bennis, Joan Goldsmith. |
| 260 | |a London : |b Nicholas Brealey, |c 1997. | ||
| 300 | |a xix, 202 p. ; |c 23.5cm. | ||
| 520 | 3 | |a This book is on Becoming a Leader: Leadership for a Successful Future, The Leadership Crisis, Knowing Yourself, Creating and Communicating a Vision, Maintaining Trust through Integrity, and Realizaing Intention through Action. | |
| 630 | 0 | 4 | |a Management. |
| 630 | 0 | 4 | |a Leadership. |
| 650 | 0 | 4 | |a Leadership. |
| 650 | 0 | 4 | |a Management. |
| 700 | 1 | |a Goldsmith, John. | |
| OWN | |a DUT | ||
| 999 | |a From the UDN01 | ||
| TYP | |a Monograph | ||
| TYP | |a Printed language | ||
| 980 | |a Mạng thư viện Đại học Đà Nẵng | ||


